BIBLIOTECA

SENCICO

Los procesos geológicos internos (Registro nro. 688)

Detalles MARC
000 -LEADER
fixed length control field 00612nam a2200241Ia 4500
005 - DATE AND TIME OF LATEST TRANSACTION
control field 20251020182446.0
008 - FIXED-LENGTH DATA ELEMENTS--GENERAL INFORMATION
fixed length control field 200515s9999 xx 000 0 und d
020 ## - INTERNATIONAL STANDARD BOOK NUMBER
International Standard Book Number 84-7738-819-9
082 ## - DEWEY DECIMAL CLASSIFICATION NUMBER
Classification number 55/P36
100 ## - MAIN ENTRY--PERSONAL NAME
Personal name Pedrinaci, Emilio
245 #0 - TITLE STATEMENT
Title Los procesos geológicos internos
260 ## - PUBLICATION, DISTRIBUTION, ETC.
Place of publication, distribution, etc. Madrid
260 ## - PUBLICATION, DISTRIBUTION, ETC.
Name of publisher, distributor, etc. SíNTESIS EDUCACIÓN
260 ## - PUBLICATION, DISTRIBUTION, ETC.
Date of publication, distribution, etc. 2001
300 ## - PHYSICAL DESCRIPTION
Extent 222 p.
300 ## - PHYSICAL DESCRIPTION
Other physical details il., tbl., graf., fot.
490 ## - SERIES STATEMENT
Series statement Didáctica de las Ciencias Experimentales 3
500 ## - GENERAL NOTE
General note 1 ejemplar
650 ## - SUBJECT ADDED ENTRY--TOPICAL TERM
Topical term or geographic name entry element GEOLOGIA
650 ## - SUBJECT ADDED ENTRY--TOPICAL TERM
Topical term or geographic name entry element PROCESOS GEOLOGICOS INTERNOS
942 ## - ADDED ENTRY ELEMENTS (KOHA)
Koha item type Libros
Existencias
Fecha de la última vez que lo usaron Pago total Signatura topográfica completa Código de barras Precio efectivo desde Tipo de documento Estado perdido Estado dañado No es para préstamo Retirado Ubicación permanente Ubicación actual Fecha de adquisición
15/05/2020   55/P36 Bib-Lima15050688 15/05/2020 Libros         Biblioteca Central Lima Biblioteca Central Lima 15/05/2020